| 000 | 00448nam a2200157Ia 4500 | ||
|---|---|---|---|
| 008 | 230312s9999||||xx |||||||||||||| ||und|| | ||
| 020 | _a0-07-111313-4 | ||
| 082 |
_a658.1511 _bHIL |
||
| 100 | _aHilton Ronald W | ||
| 245 | 0 | _aManangerial Accounting | |
| 260 |
_bTata McGraw Hill _aIndia _c2006 |
||
| 300 | _a801 | ||
| 546 | _aEng. | ||
| 650 |
_aAccounting _vthe changing role of managerial accounting in a dynamic business environment |
||
| 942 | _cBK | ||
| 999 |
_c4517 _d4517 |
||